The Khadi and Village Industries Commission (Amendment) Bill, 1961 (Record no. 508300)

000 -LEADER
fixed length control field 00305nam a2200109 4500
082 ## - DEWEY DECIMAL CLASSIFICATION NUMBER
Classification number A42x54 B/1961
100 ## - MAIN ENTRY--PERSONAL NAME
Personal name India. Lok Sabha Secretariat
9 (RLIN) 3548
245 ## - TITLE STATEMENT
Title The Khadi and Village Industries Commission (Amendment) Bill, 1961
260 ## - PUBLICATION, DISTRIBUTION, ETC. (IMPRINT)
Place of publication, distribution, etc New Delhi
Name of publisher, distributor, etc Lok Sabha
Date of publication, distribution, etc 1961
300 ## - PHYSICAL DESCRIPTION
Extent v.p.
942 ## - ADDED ENTRY ELEMENTS (KOHA)
Source of classification or shelving scheme
Holdings
Withdrawn status Lost status Source of classification or shelving scheme Damaged status Koha normalized classification for sorting Not for loan Permanent location Current location Date acquired Full call number Barcode Date last seen Price effective from Koha item type
        A_42X54_B_1961_000000000000000   Indian Institute of Public Administration Indian Institute of Public Administration 2019-03-19 A42x54 B/1961 GG33877 2019-03-19 2019-03-19 GG

Powered by Koha